000 01027nam a2200325 c 4500
003 BLK
005 20180420221205.0
008 180408b bul|||||r ||||||| ||bul||
010 _aKNG00043519000
020 _a0-13-294498-7
_bиздат.: Prentice Hall
040 _aBLK
041 _aENG
_cENG
080 _aАнглийски език
_b811.111
_x-3(075.4)
_z811.111-3(075.4)
100 1 _aHeaton, John Brian
_eпърви автор
_912611
139 _aHeaton, John Brian
_bH 43
245 1 0 _aExercices in Using Idioms
_cJohn Brian Heaton.
257 _aGBR
260 Hertfordshire
_bPrentice Hall
_c1987
300 _a40 c
_c23 cm
380 _a80
650 4 _aАнглийски език - идиоми - учебни помагала
_9249849
653 _aанглийски език
653 _aидиоми
653 _aучебни помагала
852 _aЦб 186012
856 4 _qpdf
_u
856 4 _qpdf
_u
942 _cKNG
_n0
944 _aCR
_c15.01.2003
_kТеодора_Стоянова
944 _aED
_c11.09.2009
_k
999 _c40105
_d40105